Sistema de capacitación 1ª etapa: diagnóstico. Plan de acción para el diagnóstico

में बचाया:
ग्रंथसूची विवरण
निगमित लेखक: Costa Rica. Oficina de Planificación Nacional y Política Económica
स्वरूप: मूलपाठ
प्रकाशित: San José: OFIPLAN
टैग: टैग जोड़ें
कोई टैग नहीं, इस रिकॉर्ड को टैग करने वाले पहले व्यक्ति बनें!

MARC

LEADER 00000 a a2200000 04500
001 15446
003
040
090 |a 019200  
110 |a Costa Rica. Oficina de Planificación Nacional y Política Económica  
245 |a Sistema de capacitación 1ª etapa: diagnóstico. Plan de acción para el diagnóstico  
260 |a San José:   |b OFIPLAN  
300 |a 9 p.  
999 |c 16339  |d 16339